Fleurs / Plantes - Statistiques

Statistiques générales
  • Ce quiz a été pris 1 218 fois
  • Le résultat moyen est 14 sur 40
Statistiques - réponses
Par images Réponse % Correct
Pissenlit
91%
Muguet
88%
Tulipe
88%
Tournesol
85%
Lavande
84%
Narcisse
77%
Pavot / Coquelicot
73%
Lys
67%
Iris
60%
Pensée
60%
Bleuet / Centaurée
58%
Oeillet
48%
Pivoine
45%
Dahlia
43%
Crocus
39%
Trèfle
36%
Géranium
35%
Souci
35%
Glaïeul
34%
Arum
32%
Camélia
32%
Myosotis
30%
Capucine
28%
Pétunia
26%
Digitale
24%
Lupin
24%
Agapanthe
20%
Bourrache
20%
Campanule
12%
Achillée
11%
Allium
8%
Dipladenia
6%
Nigelle
6%
Ancolie
5%
Crocosmia
4%
Bergénia
2%
Célosie
2%
Hélichryse
2%
Carthame des teinturiers
1%
Glebionis
0%
Aucun quiz correspondant
Distribution des résultats
% des personnes avec chaque résultat
Percentile par nombre de réponses
Votre historique - résultats
Vous n’avez pas pris ce quiz